UEFA Champions League 2025/26 Clubs by Badges - Statistics

General Stats
  • This quiz has been taken 157 times
  • The average score is 32 of 36
Answer Stats
Picture Answer % Correct
Arsenal
99%
Bayern München
97%
Borussia Dortmund
97%
Chelsea
96%
FC Barcelona
96%
Internazionale Milano
96%
Juventus
96%
Atlético Madrid
95%
Atalanta
94%
Benfica
94%
Manchester City
94%
Paris Saint-Germain
94%
Real Madrid
94%
Bayer Leverkusen
93%
Liverpool FC
93%
Napoli
93%
Newcastle United
93%
Sporting CP
93%
Tottenham
93%
Galatasaray
91%
Olympique Marseille
91%
Ajax
90%
AS Monaco
90%
Athletic Bilbao
90%
Club Brugge
90%
Eintracht Frankfurt
90%
Olympiacos
90%
PSV
86%
Villarreal
83%
FC Copenhagen
82%
Bodo/Glimt
73%
Union Saint-Gilloise
72%
Qarabag
66%
Slavia Prague
63%
Pafos
60%
Kairat Almaty
57%
No matching quizzes found
Score Distribution
Percent of People with Each Score
Percentile by Number Answered
Your Score History
You have not taken this quiz